Damascénska oceľ \\ Damascénska oceľ vyrobená kováčskym zváraním
Saved in:
| Main Author: | |
|---|---|
| Other Authors: | |
| Format: | Manuscript Book |
| Language: | Slovak |
| Published: |
2015
|
| Subjects: | |
| Online Access: | http://is.stuba.sk/zp/portal_zp.pl?podrobnosti=98921 |
| Tags: |
No Tags, Be the first to tag this record!
|
MARC
| LEADER | 00000ntm a22000003a 4500 | ||
|---|---|---|---|
| 001 | stuzp52558 | ||
| 003 | SK-STU | ||
| 005 | 20160719154218.0 | ||
| 007 | ta | ||
| 008 | 150427s2015----xo-----f-mn---000-0-slo-d | ||
| 040 | |a STU |b slo | ||
| 041 | 0 | |a slo | |
| 100 | 1 | |a Kičin, Pavol |u 020050 |4 aut |U SjF Strojnícka fakulta |T SjF Ústav technológií a materiálov |X 54955 |U J0050 |Y 803 |7 54955 | |
| 242 | 0 | 1 | |a Damascus steel – Pattern welded damascus steel |y eng |
| 245 | 1 | 0 | |a Damascénska oceľ \\ Damascénska oceľ vyrobená kováčskym zváraním |
| 260 | |c 2015 | ||
| 650 | 4 | |a damascénska oceľ |2 slo | |
| 650 | 4 | |a kovanie |2 slo | |
| 650 | 4 | |a damasteel |2 slo | |
| 650 | 4 | |a kováčske zváranie |2 slo | |
| 650 | 4 | |a forging |2 eng | |
| 650 | 4 | |a pattern welding |2 eng | |
| 650 | 4 | |a damasteel |2 eng | |
| 650 | 4 | |a damascus steel |2 eng | |
| 700 | 1 | |a Vanko, Branislav |4 ths |X 22241 |7 A000022241 | |
| 856 | 4 | |u http://is.stuba.sk/zp/portal_zp.pl?podrobnosti=98921 | |
| 996 | |b 284J043827 |c J* 2117/BP |l JJSK |s A |a 24 |w stuzp52558_0001 | ||
| SQL | |a stuzp52558 |b DBP |c SLO |d Damascénska oceľ \\ Damascénska oceľ vyrobená kováčskym zváraním |e 54955 |f Kičin, Pavol |g 020050 |h 22241 |i Vanko, Branislav |j 20150615 |k 644 |l 02 |m http://is.stuba.sk/zp/portal_zp.pl?podrobnosti=98921 |n B-STAM |o 5.2.51. výrobné technológie | ||